Statystyki dla League of Legends - Zaun

Kliknij tutaj aby rozwiązać quiz!

Ogólne statystyki

  • Ten quiz został rozwiązany 404 razy
  • Średni wynik to 8 z 12

Statystyki odpowiedzi

Odpowiedź% Poprawnych
Ekko
88%
Warwick
87%
Singed
81%
Jinx
76%
Urgot
74%
Viktor
69%
Blitzcrank
62%
Dr Mundo
59%
Twitch
56%
Zac
53%
Ziggs
49%
Janna
38%

Rozkład punktacji

Percentyl według liczby udzielonych odpowiedzi

Procent ludzi z każdym wynikiem

Twoja historia wyników

Nie rozwiązałeś tego quizu